Every Porsche Car By Picture - Statistics

General Stats
  • This quiz has been taken 155 times
  • The average score is 14 of 23
Answer Stats
Picture Hint Answer % Correct
2002–present Cayenne
87%
2019–present Taycan
86%
2014–present Macan
85%
1963–present 911
83%
2013–2015 918 Spyder
83%
2003–2007 Carrera GT
83%
2009–present Panamera
83%
2006-present Cayman
71%
1986–1988 959
68%
1981–1991 944
63%
1996–2004 Boxster
59%
1977–1995 928
57%
1948–1965 356
54%
1976–1988 924
54%
1948 356/1
53%
1969–1976 914
53%
1974–1989 930
48%
1965–1969, 1976 912
42%
1953–1957 550
37%
1992–1995 968
36%
1963–1965 904
29%
1965–1966 906
26%
1957–1962 718
19%
No matching quizzes found
Score Distribution
Percent of People with Each Score
Percentile by Number Answered
Your Score History
You have not taken this quiz